Score 0/29 Timer 12:00
0 Plays Today
Population County % Correct
1,120,805Salt Lake
100%
590,440Utah
90.9%
340,621Davis
90.9%
247,731Weber
90.9%
160,537Washington
90.9%
65,185Tooele
90.9%
49,691Iron
90.9%
40,511Summit
90.9%
20,219Duchesne
90.9%
15,281San Juan
90.9%
12,733Millard
90.9%
122,336Cache
81.8%
53,001Box Elder
81.8%
29,366Sanpete
81.8%
21,118Sevier
81.8%
Population County % Correct
20,356Carbon
81.8%
9,616Grand
81.8%
6,443Beaver
81.8%
5,017Garfield
81.8%
2,350Rich
81.8%
1,904Piute
81.8%
36,323Uintah
72.7%
30,523Wasatch
72.7%
10,948Juab
72.7%
10,248Emery
72.7%
7,350Kane
72.7%
2,694Wayne
72.7%
612Daggett
72.7%
11,391Morgan
63.6%
Come Together.
Have Fun.
All Virtual.
We all need to come together. Play Sporcle's virtual live trivia to have fun, connect with people, and get your trivia on. Join a live hosted trivia game for your favorite pub trivia experience done virtually. If a virtual private party is more your thing, go here for details.

You're not logged in!

Compare scores with friends on all Sporcle quizzes.
OR
Log In

Sporcle TV

Today on Sporcle TV


Watch our educational content, quiz creation guides, and fun videos on Sporcle TV.

Show Comments

Extras

Top Quizzes Today


Score Distribution

Paid Content

Your Account Isn't Verified!

In order to create a playlist on Sporcle, you need to verify the email address you used during registration. Go to your Sporcle Settings to finish the process.

Report this User

Report this user for behavior that violates our Community Guidelines.

Details: